Govt. of
Madhya Pradesh

Normal view MARC view

Entry Personal Name

Number of records used in: 0

001 - CONTROL NUMBER

  • control field: 60997

003 - CONTROL NUMBER IDENTIFIER

  • control field: OSt

005 - DATE AND TIME OF LATEST TRANSACTION

  • control field: 20160531131806.0

008 - FIXED-LENGTH DATA ELEMENTS

  • fixed length control field: 160531|| aca||aabn | a|a d

040 ## - CATALOGING SOURCE

  • Original cataloging agency: OSt
  • Transcribing agency: OSt

100 ## - HEADING--PERSONAL NAME

  • Personal name: मेहरोत्रा, एन. सी

670 ## - SOURCE DATA FOUND

  • Source citation: Work cat.: (OSt)9735: मेहरोत्रा, एन. सी , उत्‍तर प्रदेश में क्रान्‍तिकारी आन्‍दोलन का इतिहास , 1999